000 00767nam a2200289Ia 4500
005 20260324111451.0
008 008 260324s9999 xx 000 0 eng d
020 _a9781003562641
037 _aEBOOK
040 _aCRL
040 _beng
040 _cCRL
041 _2eng
041 _aeng
084 _qCRL
100 _aRichard G. Tedeschi; Jane Shakespeare-Finch; Kanako Taku; Bret A. Moore; Richard G. Tedeschi; Bret A. Moore
_91138681
245 0 _aPosttraumatic Growth
245 0 _bTheory, Research, and Applications
260 _bTaylor and Francis
260 _c2025
365 _a
365 _b240
856 _uhttp://www.taylorfrancis.com/books/9781003562641
942 _cEBOOK
999 _c1727516
_d1727516